| 000 | 00698cam a22002294a 4500 | ||
|---|---|---|---|
| 001 | 16594511 | ||
| 005 | 20180125040520.0 | ||
| 008 | 101230s2012 njua b 001 0 eng | ||
| 010 | _a 2010051009 | ||
| 020 | _a9780137023110 | ||
| 040 |
_aDLC _cDLC _dDLC |
||
| 041 | _aeng | ||
| 080 | _a305.231 woo | ||
| 082 | 0 | 0 |
_a305.231 woo _222 |
| 100 | 1 | _a48 | |
| 101 | _apsi | ||
| 245 | 1 | 0 |
_aChild and adolescent development / _cAnita Woolfolk, Nancy E. Perry. |
| 504 | _aIncludes bibliographical references and indexes. | ||
| 906 |
_a7 _bcbc _corignew _d1 _eecip _f20 _gy-gencatlg |
||
| 942 |
_2ddc _cBK |
||
| 999 |
_c40901 _d40901 |
||